000
00283nam a2200097 a 4500
005
20201002052237.0
008
150309s2011 000 spa d
245
0
_a
Guía de Prestadores de Servicios de Salud.
260
_a
Santo Domingo, República Dominicana,
_c
2011.
999
_c
44911
_d
44911
040
_a
DO-SdBNP